TF2 NA Invite Top 100 - Statistics

General Stats
  • This quiz has been taken 200 times
  • The average score is 50 of 100
Answer Stats
Hint Answer Class % Correct
1 B4nny Scout/Demoman/Soldier
98%
5 habib Demoman
93%
2 Clockwork Scout
86%
14 arekk Scout
80%
4 blaze Soldier/Scout
80%
6 shade Medic/Demoman
79%
3 Platinum Soldier/Demoman
78%
7 yomps Scout/Soldier
72%
20 Nursey Medic
71%
10 harbleu Soldier/Medic
69%
40 duwatna Demoman
67%
8 Seagull Soldier/Demoman
67%
30 jayhyunpae Soldier/Scout
65%
91 lolguy Medic
65%
22 ash Soldier/Scout
64%
9 Bdonski Demoman/Scout
64%
25 laz Soldier
64%
31 paddie Soldier/Scout
64%
45 marmaloo Soldier
62%
28 cyzer Scout
61%
17 Yz50 Scout
61%
21 botmode Soldier/Demoman/Scout
60%
11 lansky Soldier/Scout
60%
12 slemnish Scout
60%
13 TLR Soldier
60%
35 yight Scout/Demoman/Soldier
60%
15 enigma Scout/Soldier
59%
16 Ruwin Scout/Medic
59%
34 Ma3la Soldier
58%
95 Muma Demoman
58%
67 skeez Medic
57%
27 alfa Scout/Soldier/Sniper/Demoman/Medic
56%
84 branslam Scout/Demoman
56%
18 carnage Scout/Sniper
56%
38 enoryt Soldier
56%
41 corsa Scout
55%
36 Shrugger Scout
55%
47 tri Soldier
55%
53 aim Soldier
54%
19 dummy Demoman
54%
63 freestate Scout
54%
24 Reptile Soldier/Demoman/Medic
54%
33 Rando Soldier
53%
58 mackey Soldier/Spy
52%
83 Tagg Soldier
52%
32 sighguy Demoman/Soldier
49%
94 Skye Medic
49%
37 highfive Scout/Soldier/Demoman
48%
55 phorofor Medic
48%
60 squid Scout
48%
92 bo4r Scout/Sniper
47%
49 showstopper Soldier
47%
48 cozen Medic
46%
71 sandblast Scout
46%
73 tripbwai Soldier
46%
76 cookiejake Medic
45%
23 PYYYOUR Medic/Demoman
45%
29 TheFragile Medic
45%
74 Garbuglio Soldier
44%
64 kbk Medic
43%
68 ninjanick Medic
42%
57 indust Medic
41%
78 paragon Scout
41%
81 Rekuso Soldier
41%
26 relic Soldier
41%
77 Deadbolt Demoman/Scout
40%
54 Decimate Scout
40%
52 dingo Demoman/Soldier/Medic
40%
56 grape Soldier
40%
80 marmadukeGRYLLS Soldier
40%
100 alexwut Demoman
39%
98 vhalin Scout
39%
72 Zilly Medic/Soldier
39%
82 bear Medic
38%
69 Jarret Demoman
38%
51 ww Soldier
38%
43 justin Scout/Sniper/Demoman
37%
66 Shamoo Scout
37%
42 boomer Soldier/Demoman/Scout
36%
44 SolidSnake Demoman
36%
86 yosh Scout
36%
50 DESTRO Demoman
35%
79 Blackymonster Medic
34%
87 xaler Demoman
34%
96 Ggglygy Scout
33%
89 Hero Scout/Soldier
33%
93 mason Medic/Soldier
33%
61 xalox Demoman
33%
62 mesr Medic/Scout
32%
46 oPlaiD Scout/Heavy
32%
99 saber07 Scout
32%
70 delpo Demoman/Soldier
31%
75 Kryptonite Soldier
31%
59 smaka Demoman/Medic/Soldier
30%
39 jaeger Soldier
29%
85 sycknesS Scout/Sniper
29%
65 yaug Soldier
29%
97 caseey Medic
28%
88 hubris Scout/Soldier/Demoman
28%
90 paladin Soldier/Scout
27%
No matching quizzes found
Score Distribution
Percent of People with Each Score
Percentile by Number Answered
Your Score History
You have not taken this quiz